| 000 | 01200nam a22002055i 4500 | ||
|---|---|---|---|
| 001 | 158899 | ||
| 003 | ES-MaACL | ||
| 005 | 20230906211352.0 | ||
| 008 | 970605s1869 sp |||| | spa d | ||
| 040 |
_aCLM _bspa _cCCPB | SIC |
||
| 100 | 1 |
_aMartín de Pedro, Ecequiel. _9129558 |
|
| 245 | 1 | 0 |
_aNueva doctrina acerca del tétanos y de su curación _b: lecciones dadas en la Escuela libre de Medicina de Madrid con motivo de uno curado en el Hospital General y la historia del enfermo / _cpor Ecequiel Martín de Pedro. |
| 260 |
_aMadrid : _b[s.n.], _c1869 ( _fImprenta universal a cargo de Victor Saiz) |
||
| 300 |
_a68 p. ; _c21 cm. |
||
| 530 | _aDisponible también en sitio web. | ||
| 650 | 0 | 4 |
_aTétanos. _917526 |
| 852 |
_aES-MaACL _jT-621-F-10 _z-- Enc. hol. _z-- Dedicatoria ms. del autor a Manuel Saenz Diez _z-- Enc. en un vol. facticio |
||
| 852 |
_aES-MaACL _jT-360-F-12 _z-- Enc. hol. _z-- Dedicatoria ms. de Salustiano Fernández de la Vega a "Los Escolares Médicos" _q-- Falto de la cub. original _z-- Enc. en un vol. facticio |
||
| 856 |
_uhttp://bibliotecadigitalhispanica.bne.es:80/webclient/DeliveryManager?pid=1835367&custom_att_2=simple_viewer _zBiblioteca Digital Hispánica |
||
| 999 |
_c158899 _d158899 |
||